[Event "CCSCSL GM"]
[Site "Saint Louis USA"]
[Date "2014.05.28"]
[Round "1.1"]
[White "Gorovets, Andrey"]
[Black "Panjwani, Raja"]
[Result "1-0"]
[WhiteElo "2446"]
[BlackElo "2444"]
[PlyCount "85"]
[EventDate "2014.05.28"]
[EventType "tourn"]
[EventRounds "9"]
[EventCountry "USA"]
[EventCategory "9"]
[Source "Chess Mix"]

1. c4 c5 2. g3 Nc6 3. Bg2 g6 4. Nc3 Bg7 5. a3 d6 6. Rb1 e6 7. e4 Nge7 8. Nge2
b6 9. b4 Bb7 10. d3 Qd7 11. h4 h6 12. Be3 Nd4 13. Qd2 Ndf5 14. Bf4 e5 15. Be3
Nxe3 16. fxe3 h5 17. bxc5 dxc5 18. O-O O-O 19. Nd5 Bxd5 20. exd5 Bh6 21. Nc3
Nc8 22. d6 Rb8 23. Ne4 Qd8 24. Rf6 Bg7 25. Rbf1 b5 26. cxb5 Bxf6 27. Nxf6+ Kg7
28. d7 Ne7 29. Bc6 Rb6 30. Ne8+ Kg8 31. Nf6+ Kg7 32. Ne8+ Kg8 33. Nf6+ Kg7 34.
Qg2 Nf5 35. Nxh5+ Kh6 36. Qe4 f6 37. Rxf5 gxf5 38. Qxf5 Qe7 39. g4 Rbb8 40. Be4
Rg8 41. Nxf6 Qf7 42. Nxg8+ Qxg8 43. Qf6+ 1-0

[Event "CCSCSL GM"]
[Site "Saint Louis USA"]
[Date "2014.05.28"]
[Round "2.1"]
[White "Panjwani, Raja"]
[Black "Chandra, Akshat"]
[Result "1/2-1/2"]
[WhiteElo "2444"]
[BlackElo "2440"]
[PlyCount "105"]
[EventDate "2014.05.28"]
[EventType "tourn"]
[EventRounds "9"]
[EventCountry "USA"]
[EventCategory "9"]
[Source "Chess Mix"]

1. Nf3 d5 2. d4 Nf6 3. c4 c6 4. e3 e6 5. Nc3 Nbd7 6. Qc2 Bd6 7. b3 O-O 8. Be2
b6 9. O-O Bb7 10. Bb2 Qe7 11. a4 Bb4 12. Na2 a5 13. Nxb4 axb4 14. Bd3 dxc4 15.
Bxc4 c5 16. Qe2 Bd5 17. Rac1 Ne4 18. Rfd1 Bb7 19. Ne5 Rfd8 20. Nxd7 Rxd7 21.
dxc5 bxc5 22. Rxd7 Qxd7 23. Rd1 Qe7 24. Qd3 Qh4 25. g3 Qe7 26. Qd7 Qxd7 27.
Rxd7 Bc6 28. Rc7 Bd5 29. Bxd5 exd5 30. f3 Nd2 31. Rxc5 Nxf3+ 32. Kh1 Nd2 33.
Rb5 Nxb3 34. Rxb4 Nc5 35. a5 Nd3 36. Rb5 Nxb2 37. Rxb2 Kf8 38. Rb5 Ke7 39. Rxd5
Rc8 40. Rb5 Rc1+ 41. Kg2 Rc2+ 42. Kh3 Ra2 43. Rb7+ Kf8 44. Ra7 g6 45. a6 Kg7
46. e4 Kf6 47. Kg4 h5+ 48. Kf3 Rxh2 49. Rb7 Ra2 50. a7 Ra3+ 51. Kg2 g5 52. Kf2
Ke5 53. Rxf7 1/2-1/2

[Event "CCSCSL GM"]
[Site "Saint Louis USA"]
[Date "2014.05.29"]
[Round "3.1"]
[White "Boros, Denes"]
[Black "Panjwani, Raja"]
[Result "1/2-1/2"]
[WhiteElo "2474"]
[BlackElo "2444"]
[PlyCount "79"]
[EventDate "2014.05.28"]
[EventType "tourn"]
[EventRounds "9"]
[EventCountry "USA"]
[EventCategory "9"]
[Source "Chess Mix"]

1. e4 c5 2. Nf3 Nc6 3. c3 d6 4. d4 Nf6 5. d5 Nb8 6. Bd3 g6 7. O-O Bg7 8. c4 O-O
9. Nc3 Bg4 10. h3 Bxf3 11. Qxf3 Na6 12. Qd1 e6 13. Bf4 exd5 14. exd5 Nc7 15.
Bg5 Qd7 16. Qd2 Rae8 17. Rae1 Rxe1 18. Rxe1 Re8 19. Rb1 a6 20. a4 a5 21. Re1
Rxe1+ 22. Qxe1 Nfe8 23. b3 f5 24. Bf4 b6 25. Nb5 Nxb5 26. axb5 Bf6 27. Qe2 Qe7
28. Kf1 Ng7 29. g4 g5 30. Qxe7 Bxe7 31. Bd2 f4 32. Bc3 Ne8 33. Ke2 Bf6 34. Bd2
h6 35. Bg6 Ng7 36. Kd3 Kf8 37. Bc1 Ke7 38. Bd2 Kd8 39. Be1 Be5 40. Ke4 1/2-1/2

[Event "CCSCSL GM"]
[Site "Saint Louis USA"]
[Date "2014.05.29"]
[Round "4.3"]
[White "Panjwani, Raja"]
[Black "Troff, Kayden"]
[Result "1/2-1/2"]
[WhiteElo "2444"]
[BlackElo "2484"]
[PlyCount "120"]
[EventDate "2014.05.28"]
[EventType "tourn"]
[EventRounds "9"]
[EventCountry "USA"]
[EventCategory "9"]
[Source "Chess Mix"]

1. Nf3 Nf6 2. c4 g6 3. Nc3 d5 4. cxd5 Nxd5 5. g3 Bg7 6. Bg2 O-O 7. O-O c5 8.
Nxd5 Qxd5 9. d3 Nc6 10. Be3 Qd6 11. Rc1 Bxb2 12. Rxc5 Bf6 13. Nd2 Bg7 14. Nc4
Qf6 15. Bxc6 bxc6 16. Qa4 Bg4 17. f3 Bd7 18. Re5 h6 19. Bd4 e6 20. Re4 c5 21.
Bxf6 Bxa4 22. Bxg7 Kxg7 23. Nd2 Bc6 24. Rc4 Bd5 25. Rxc5 Rfc8 26. Rfc1 Rxc5 27.
Rxc5 Bxa2 28. e4 Rb8 29. Kf2 Rb2 30. Ke2 f5 31. Ra5 Kf6 32. Rxa7 e5 33. Ke3 f4+
34. gxf4 exf4+ 35. Ke2 g5 36. d4 g4 37. fxg4 f3+ 38. Ke3 f2 39. e5+ Kg5 40.
Ne4+ Kxg4 41. Nxf2+ Kf5 42. Ra3 Bf7 43. Rd3 Bc4 44. Rc3 Bf1 45. Kf3 h5 46. Re3
Bc4 47. Rc3 Bd5+ 48. Ke3 Ra2 49. Rc5 Ra3+ 50. Nd3 Bb7 51. Kd2 Ke4 52. Nb4 Kxd4
53. Rc7 Rh3 54. e6 Rxh2+ 55. Ke1 Bf3 56. e7 Re2+ 57. Kf1 Re6 58. Kf2 Be4 59.
Kg3 Ke5 60. Na6 Kf6 1/2-1/2

[Event "CCSCSL GM"]
[Site "Saint Louis USA"]
[Date "2014.05.30"]
[Round "5.2"]
[White "Bartholomew, John"]
[Black "Panjwani, Raja"]
[Result "1/2-1/2"]
[WhiteElo "2461"]
[BlackElo "2444"]
[PlyCount "108"]
[EventDate "2014.05.28"]
[EventType "tourn"]
[EventRounds "9"]
[EventCountry "USA"]
[EventCategory "9"]
[Source "Chess Mix"]

1. d4 Nf6 2. c4 e6 3. Nc3 Bb4 4. Qc2 O-O 5. Nf3 c5 6. dxc5 Na6 7. c6 bxc6 8.
Bd2 Nc5 9. e3 d6 10. a3 Bxc3 11. Bxc3 Nce4 12. Be2 a5 13. O-O Nxc3 14. Qxc3 a4
15. Nd4 Qc7 16. Rfd1 e5 17. Nf3 c5 18. Nd2 Rb8 19. Qc2 Bd7 20. Nb1 Bc6 21. Nc3
Qb7 22. f3 Qxb2 23. Qxb2 Rxb2 24. Rxd6 Rc8 25. Bd1 Ne8 26. Rd3 Ra8 27. Rb1 Rxb1
28. Nxb1 f6 29. Nc3 Kf7 30. Rd2 Ke6 31. Rb2 Nd6 32. Be2 Kd7 33. Kf2 Ra7 34. Ke1
Kc8 35. Rb6 Kc7 36. Rb2 f5 37. Kd2 Ra5 38. Bd3 e4 39. fxe4 fxe4 40. Be2 Nf7 41.
Rb1 Ra8 42. Rf1 Nd6 43. Kc2 Rb8 44. Rb1 Rf8 45. Rf1 Nf5 46. Nd1 h5 47. Kc1 g6
48. g4 hxg4 49. Bxg4 Rh8 50. Bxf5 gxf5 51. Rxf5 Rxh2 52. Nc3 Rh1+ 53. Kc2 Rh2+
54. Kc1 Rh1+ 1/2-1/2

[Event "CCSCSL GM"]
[Site "Saint Louis USA"]
[Date "2014.05.30"]
[Round "6.1"]
[White "Panjwani, Raja"]
[Black "Finegold, Benjamin"]
[Result "0-1"]
[WhiteElo "2444"]
[BlackElo "2503"]
[PlyCount "68"]
[EventDate "2014.05.28"]
[EventType "tourn"]
[EventRounds "9"]
[EventCountry "USA"]
[EventCategory "9"]
[Source "Chess Mix"]

1. Nf3 Nf6 2. c4 c6 3. g3 d5 4. b3 g6 5. Bb2 Bg7 6. Bg2 O-O 7. O-O Bg4 8. Na3
Bxf3 9. Bxf3 e6 10. b4 a6 11. d3 Nbd7 12. Nc2 Ne8 13. Bxg7 Kxg7 14. Bg2 Qf6 15.
Ne3 Nd6 16. a4 Rfd8 17. Qb3 h5 18. Rac1 d4 19. c5 dxe3 20. cxd6 exf2+ 21. Rxf2
Qd4 22. Qc4 Qxd6 23. b5 axb5 24. axb5 Ne5 25. Qf4 cxb5 26. Bxb7 Rab8 27. Qf6+
Kg8 28. Be4 Rf8 29. h3 b4 30. Rd1 Rb5 31. Kh1 Nd7 32. Qf3 f5 33. Ba8 Ne5 34.
Qg2 b3 0-1

[Event "CCSCSL GM"]
[Site "Saint Louis USA"]
[Date "2014.05.31"]
[Round "7.3"]
[White "Priyadharshan, Kannappan"]
[Black "Panjwani, Raja"]
[Result "1-0"]
[WhiteElo "2420"]
[BlackElo "2444"]
[PlyCount "109"]
[EventDate "2014.05.28"]
[EventType "tourn"]
[EventRounds "9"]
[EventCountry "USA"]
[EventCategory "9"]
[Source "Chess Mix"]

1. e4 e5 2. Nf3 Nc6 3. Bb5 g6 4. d4 exd4 5. c3 d3 6. Bg5 Be7 7. Bf4 Nf6 8. e5
Nd5 9. Bh6 d6 10. O-O a6 11. Bxc6+ bxc6 12. Qxd3 Be6 13. Nbd2 Bf8 14. Bxf8 Kxf8
15. c4 Nf4 16. Qe4 g5 17. Qxc6 g4 18. Nd4 dxe5 19. Nxe6+ Nxe6 20. Qe4 Rb8 21.
Nb3 Qg5 22. Rfe1 Kg7 23. Qxe5+ Qxe5 24. Rxe5 Rhd8 25. Kf1 c5 26. Rd5 Rdc8 27.
Re1 a5 28. Rd7 Kf8 29. Ra7 Rb4 30. Rxa5 Rxc4 31. Rd1 Rb4 32. Ra7 c4 33. Nd4
Nxd4 34. Rxd4 Rxb2 35. Rf4 c3 36. Rfxf7+ Kg8 37. Rg7+ Kh8 38. Rxh7+ Kg8 39.
Rhc7 Rxc7 40. Rxc7 c2 41. Ke1 Rxa2 42. Rc4 Kh7 43. Kd2 c1=Q+ 44. Kxc1 Rxf2 45.
Rxg4 Kh6 46. Kd1 Kh5 47. h3 Ra2 48. Ke1 Rb2 49. Kf1 Ra2 50. Kg1 Rb2 51. Kh2 Rb5
52. Rf4 Ra5 53. Rb4 Rc5 54. h4 Rc1 55. Kh3 1-0

[Event "CCSCSL GM"]
[Site "Saint Louis USA"]
[Date "2014.05.31"]
[Round "8.3"]
[White "Panjwani, Raja"]
[Black "Friedel, Joshua"]
[Result "1-0"]
[WhiteElo "2444"]
[BlackElo "2505"]
[PlyCount "83"]
[EventDate "2014.05.28"]
[EventType "tourn"]
[EventRounds "9"]
[EventCountry "USA"]
[EventCategory "9"]
[Source "Chess Mix"]

1. Nf3 c5 2. c4 Nc6 3. g3 e5 4. Nc3 g6 5. Bg2 Bg7 6. O-O d6 7. d3 Nge7 8. a3
O-O 9. Rb1 a5 10. Ne1 Be6 11. Nc2 d5 12. cxd5 Nxd5 13. Ne3 Nde7 14. a4 b6 15.
Nc4 Ra7 16. f4 exf4 17. Bxf4 Nd4 18. e4 f6 19. Bd6 Re8 20. Bxe7 Raxe7 21. Nd5
Bxd5 22. exd5 Re2 23. Rf2 f5 24. Rxe2 Nxe2+ 25. Kh1 Qg5 26. Qe1 f4 27. gxf4
Qxf4 28. Qf1 Qh4 29. Qf3 Nd4 30. Qg3 Qxg3 31. hxg3 Re2 32. d6 Bf6 33. g4 Kg7
34. Rf1 Bd8 35. Bd5 Bh4 36. d7 Ne6 37. Nd6 Nd8 38. Nf7 Re3 39. g5 Bxg5 40. Nxg5
Rxd3 41. Ne6+ Nxe6 42. Bxe6 1-0

[Event "CCSCSL GM"]
[Site "Saint Louis USA"]
[Date "2014.06.01"]
[Round "9.2"]
[White "Sevian, Samuel"]
[Black "Panjwani, Raja"]
[Result "1/2-1/2"]
[WhiteElo "2446"]
[BlackElo "2444"]
[PlyCount "64"]
[EventDate "2014.05.28"]
[EventType "tourn"]
[EventRounds "9"]
[EventCountry "USA"]
[EventCategory "9"]
[Source "Chess Mix"]

1. Nf3 c5 2. g3 g6 3. Bg2 Bg7 4. O-O Nf6 5. d3 O-O 6. Nbd2 Nc6 7. c3 d5 8. Qc2
b6 9. Re1 Bb7 10. e4 e6 11. exd5 Nxd5 12. a4 Rb8 13. Nc4 a6 14. Qe2 h6 15. Bd2
b5 16. axb5 axb5 17. Nce5 Nxe5 18. Nxe5 Ne7 19. Bxb7 Rxb7 20. Qe4 Qd5 21. Qxd5
Nxd5 22. Ra6 Rc8 23. Kg2 h5 24. Bc1 Nb6 25. h4 Ra8 26. Rxa8+ Nxa8 27. Nf3 b4
28. Be3 Bf8 29. Ne5 Nb6 30. cxb4 cxb4 31. Bxb6 Rxb6 32. Nd7 Rd6 1/2-1/2

[Event "Chicago op"]
[Site "Wheeling USA"]
[Date "2014.05.23"]
[Round "3.9"]
[White "Panjwani, Raja"]
[Black "Kovalyov, Anton"]
[Result "1/2-1/2"]
[WhiteElo "2444"]
[BlackElo "2636"]
[PlyCount "106"]
[EventDate "2014.05.22"]
[EventType "swiss"]
[EventRounds "9"]
[EventCountry "USA"]
[Source "Chess Mix"]

1. Nf3 Nf6 2. c4 e6 3. Nc3 Bb4 4. Qc2 c5 5. a3 Ba5 6. g3 Nc6 7. Bg2 O-O 8. O-O
d6 9. d3 h6 10. e3 e5 11. Nd2 Rb8 12. Rb1 Bxc3 13. Qxc3 a5 14. b3 Re8 15. Bb2
Bd7 16. Ne4 Nxe4 17. dxe4 Qc7 18. Rfd1 Be6 19. f4 f6 20. f5 Bf7 21. a4 g5 22.
h3 Kf8 23. Ba3 b6 24. Qd2 Ke7 25. Qe2 h5 26. Rd2 Rh8 27. Rbd1 Rbd8 28. Qd3 Nb8
29. Qc3 Be8 30. Qc2 Bc6 31. Qb1 Nd7 32. Qc2 Nb8 33. Qb1 Na6 34. Qc2 Qb7 35. Kh2
Nc7 36. Bb2 Na6 37. Bc3 Qc7 38. Kg1 Rd7 39. Qb1 Nb8 40. Qc2 Bb7 41. Qb1 Nc6 42.
Bb2 Nd8 43. Bc3 Nf7 44. Qc2 Bc6 45. Qb1 Qb8 46. Qc2 Qf8 47. Rd3 Qh6 48. Be1 Qh7
49. R3d2 Nh6 50. Qd3 Qg8 51. Qc2 Qa8 52. Kh2 h4 53. g4 Nf7 1/2-1/2

[Event "Philadelphia op"]
[Site "Philadelphia USA"]
[Date "2014.04.18"]
[Round "4"]
[White "Chirila, Ioan Christian"]
[Black "Panjwani, Raja"]
[Result "1-0"]
[WhiteElo "2520"]
[BlackElo "2450"]
[PlyCount "85"]
[EventDate "2014.04.16"]
[EventType "swiss"]
[EventRounds "9"]
[EventCountry "USA"]
[Source "Mark Crowther"]
[SourceDate "2014.04.21"]

1. d4 d5 2. c4 e6 3. Nc3 a6 4. Nf3 Nf6 5. cxd5 exd5 6. Bg5 Be7 7. e3 O-O 8. Qc2
Be6 9. Be2 Nbd7 10. O-O c6 11. h3 Nh5 12. Bxe7 Qxe7 13. Ne5 Nhf6 14. f4 Ne8 15.
Bd3 g6 16. e4 dxe4 17. Nxe4 Bf5 18. Ng5 Bxd3 19. Qxd3 Nc7 20. Rae1 Nxe5 21.
Rxe5 Qd8 22. Kh1 Nd5 23. Qg3 f6 24. Ne6 Qd6 25. Re2 Rfe8 26. Rfe1 Re7 27. Qg4
f5 28. Qh4 Rae8 29. Ng5 Nf6 30. Rxe7 Rxe7 31. Rxe7 Qxe7 32. Nxh7 Kg7 33. Qxf6+
Qxf6 34. Nxf6 Kxf6 35. Kg1 a5 36. Kf2 Kg7 37. Ke3 Kf6 38. g4 b6 39. Kd3 b5 40.
Ke3 Ke6 41. gxf5+ Kxf5 42. Kf3 Ke6 43. Kg4 1-0

[Event "Philadelphia op"]
[Site "Philadelphia USA"]
[Date "2014.04.18"]
[Round "5"]
[White "Panjwani, Raja"]
[Black "Song, Edward"]
[Result "1-0"]
[WhiteElo "2450"]
[BlackElo "2239"]
[PlyCount "67"]
[EventDate "2014.04.16"]
[EventType "swiss"]
[EventRounds "9"]
[EventCountry "USA"]
[Source "Mark Crowther"]
[SourceDate "2014.04.21"]

1. c4 e5 2. g3 Nf6 3. Bg2 d5 4. cxd5 Nxd5 5. Nc3 Nb6 6. Nf3 Nc6 7. O-O Be7 8.
a3 O-O 9. b4 Re8 10. Bb2 Bf8 11. d3 g6 12. Nd2 Nd4 13. e3 Nf5 14. Nde4 c6 15.
Qc2 Bg7 16. a4 Nd5 17. Ba3 Nxc3 18. Qxc3 a6 19. Rab1 Bf8 20. b5 axb5 21. Bxf8
Kxf8 22. axb5 Bd7 23. f4 Qe7 24. fxe5 Qxe5 25. d4 Qg7 26. g4 Ne7 27. Nd6 Be6
28. Nxe8 Rxe8 29. bxc6 bxc6 30. Qc5 Bxg4 31. Bxc6 Rc8 32. Rb7 f5 33. Qd6 Be2
34. Ra1 1-0

[Event "Philadelphia op"]
[Site "Philadelphia USA"]
[Date "2014.04.19"]
[Round "6"]
[White "Panjwani, Raja"]
[Black "Li, Ethan"]
[Result "0-1"]
[WhiteElo "2450"]
[BlackElo "2104"]
[PlyCount "126"]
[EventDate "2014.04.16"]
[EventType "swiss"]
[EventRounds "9"]
[EventCountry "USA"]
[Source "Mark Crowther"]
[SourceDate "2014.04.21"]

1. e4 c5 2. c4 Nc6 3. Nc3 g6 4. g3 Bg7 5. Bg2 e6 6. Nge2 Nge7 7. d3 O-O 8. a3
b6 9. Rb1 Bb7 10. b4 d6 11. O-O Qd7 12. Nb5 Nd4 13. Bb2 Nec6 14. f4 Nxb5 15.
cxb5 Nd4 16. a4 Rac8 17. f5 exf5 18. Nxd4 Bxd4+ 19. Bxd4 cxd4 20. exf5 Bxg2 21.
Kxg2 Rfe8 22. Rc1 Re3 23. Rc2 Rc3 24. Rcf2 Rcxd3 25. Qg4 f6 26. Re2 Kg7 27. Kh3
Rxe2 28. Qxe2 Re3 29. Qc4 Re5 30. Qc6 Qe7 31. Rf4 Rxf5 32. Rxf5 gxf5 33. Qd5
Qe5 34. Qb7+ Kg6 35. Qc8 Qe7 36. Qc4 f4 37. Qd3+ f5 38. Qxd4 f3 39. Qf4 Qe4 40.
Qxd6+ Kh5 41. Qf4 Qxf4 42. gxf4 f2 43. Kg2 Kg4 44. Kxf2 Kxf4 45. a5 h6 46. Ke2
Ke4 47. Kf2 f4 48. Ke2 f3+ 49. Kf2 Kf4 50. Kf1 Ke3 51. Ke1 f2+ 52. Kf1 Kf3 53.
h4 Kg4 54. Kxf2 Kxh4 55. Kf3 Kg5 56. Ke4 h5 57. Kd5 h4 58. Kc6 h3 59. Kb7 h2
60. a6 h1=Q+ 61. Kxa7 Qe4 62. Kb8 Qxb4 63. a7 Qxb5 0-1

[Event "Reykjavik op"]
[Site "Reykjavik ISL"]
[Date "2014.03.05"]
[Round "2.26"]
[White "Panjwani, Raja"]
[Black "Schou Moldt, Thomas"]
[Result "1-0"]
[WhiteElo "2440"]
[BlackElo "2191"]
[PlyCount "79"]
[EventDate "2014.03.04"]
[EventType "swiss"]
[EventRounds "10"]
[EventCountry "ISL"]
[Source "Chess Mix"]

1. Nf3 Nf6 2. c4 g6 3. g3 Bg7 4. Bg2 O-O 5. O-O d6 6. d4 Nc6 7. Nc3 Rb8 8. Bf4
a6 9. c5 b5 10. cxb6 cxb6 11. d5 Na5 12. Nd4 Bb7 13. b4 Rc8 14. Rc1 Nc4 15. b5
Nh5 16. Nc6 Bxc6 17. dxc6 Nxf4 18. gxf4 e6 19. bxa6 d5 20. e4 Bxc3 21. Rxc3 Qf6
22. Qc1 Rfd8 23. a7 Qe7 24. Rd1 Qxa7 25. exd5 exd5 26. Bxd5 b5 27. Bxc4 Rxd1+
28. Qxd1 bxc4 29. Rxc4 Qxa2 30. Qd7 Qxc4 31. Qxc8+ Kg7 32. Qc7 Kh6 33. Qd6 Qc1+
34. Kg2 Qc4 35. c7 Qe4+ 36. Kg3 Qh1 37. c8=Q Qg1+ 38. Kf3 Qh1+ 39. Ke2 Qe4+ 40.
Kd1 1-0

[Event "Reykjavik op"]
[Site "Reykjavik ISL"]
[Date "2014.03.09"]
[Round "7.18"]
[White "Ptacnikova, Lenka"]
[Black "Panjwani, Raja"]
[Result "1-0"]
[WhiteElo "2239"]
[BlackElo "2440"]
[PlyCount "103"]
[EventDate "2014.03.04"]
[EventType "swiss"]
[EventRounds "10"]
[EventCountry "ISL"]
[Source "Chess Mix"]

1. c4 e6 2. g3 d5 3. Nf3 Nf6 4. Bg2 Be7 5. O-O O-O 6. b3 c5 7. cxd5 exd5 8. d4
Nc6 9. dxc5 Bxc5 10. Ba3 Bxa3 11. Nxa3 Qa5 12. Nc2 Ne4 13. Ncd4 Bg4 14. Nxc6
bxc6 15. Re1 Rfe8 16. Qc2 c5 17. e3 Rac8 18. h3 Bd7 19. Qb2 Bb5 20. Red1 Nc3
21. Rd2 Rcd8 22. Kh2 Ne4 23. Rdd1 Qa6 24. Rac1 d4 25. exd4 Be2 26. Re1 Bxf3 27.
Bxf3 Ng5 28. Bg2 Rxe1 29. Rxe1 cxd4 30. Qxd4 Qc8 31. Qxa7 h6 32. Re7 Qf5 33. h4
Ne6 34. Qe3 Qc2 35. Qf3 Rf8 36. Ra7 Qc5 37. Ra8 Rxa8 38. Qxa8+ Kh7 39. Qe4+ g6
40. Qe3 Nd4 41. a3 Qd6 42. b4 Kg7 43. Be4 f5 44. Bg2 Qf6 45. Bd5 h5 46. a4 Nc2
47. Qc5 Nd4 48. Qc7+ Kh6 49. Qf4+ Kh7 50. Qb8 Ne2 51. Qa7+ Kh8 52. Qe3 1-0

[Event "Reykjavik op"]
[Site "Reykjavik ISL"]
[Date "2014.03.11"]
[Round "9.18"]
[White "Vojinovic, Jovana"]
[Black "Panjwani, Raja"]
[Result "0-1"]
[WhiteElo "2323"]
[BlackElo "2440"]
[PlyCount "102"]
[EventDate "2014.03.04"]
[EventType "swiss"]
[EventRounds "10"]
[EventCountry "ISL"]
[Source "Chess Mix"]

1. d4 d5 2. Bf4 e6 3. e3 c5 4. Nf3 Nc6 5. Nbd2 Nf6 6. c3 Bd6 7. Bg3 O-O 8. Bd3
b6 9. Ne5 Ne7 10. O-O Bb7 11. Qe2 Ne4 12. Nxe4 dxe4 13. Bc2 Rc8 14. Qg4 cxd4
15. exd4 f5 16. Qe2 Bxe5 17. Bxe5 Ng6 18. Bb3 Bd5 19. Bxd5 Qxd5 20. f4 b5 21.
Kh1 Rc4 22. a3 a5 23. Rfc1 Rfc8 24. Rc2 b4 25. axb4 axb4 26. Rac1 Nxe5 27. dxe5
Qd3 28. Kg1 Qxe2 29. Rxe2 bxc3 30. Rxc3 Rxc3 31. bxc3 Rxc3 32. Ra2 Kf7 33. h4
Kg6 34. Ra7 e3 35. Kf1 Rc2 36. g3 Rf2+ 37. Kg1 Rf3 38. Kg2 e2 39. Ra1 Rd3 40.
Re1 Kh5 41. Rxe2 Kg4 42. Ra2 Rxg3+ 43. Kf2 Rf3+ 44. Kg2 Rxf4 45. Ra6 Kxh4 46.
Rxe6 g6 47. Ra6 Re4 48. e6 Kg5 49. Ra7 h5 50. e7 Kf6 51. Ra6+ Kxe7 0-1

[Event "Reykjavik op"]
[Site "Reykjavik ISL"]
[Date "2014.03.12"]
[Round "10.7"]
[White "Panjwani, Raja"]
[Black "Amin, Bassem"]
[Result "1-0"]
[WhiteElo "2440"]
[BlackElo "2657"]
[PlyCount "55"]
[EventDate "2014.03.04"]
[EventType "swiss"]
[EventRounds "10"]
[EventCountry "ISL"]
[Source "Chess Mix"]

1. Nf3 d6 2. d4 Nf6 3. c4 g6 4. Nc3 Bf5 5. h3 h5 6. Ng5 Bh6 7. d5 c5 8. e4 Bxg5
9. Bxg5 Nxe4 10. Nxe4 Bxe4 11. Qe2 Bf5 12. Bf6 Rh7 13. O-O-O Kf8 14. Bh4 Nd7
15. Qe3 f6 16. Be2 g5 17. g4 Bg6 18. Bg3 Qa5 19. Bd3 Bxd3 20. Qxd3 Kg7 21. h4
hxg4 22. Qf5 Ne5 23. hxg5 Rxh1 24. Rxh1 Rh8 25. gxf6+ exf6 26. Rg1 Nf7 27.
Qxg4+ Kf8 28. Bxd6+ 1-0

[Event "Foxwoods op"]
[Site "Ledyard USA"]
[Date "2014.01.22"]
[Round "1.8"]
[White "Panjwani, Raja"]
[Black "Hasan, Mehdi"]
[Result "0-1"]
[WhiteElo "2468"]
[BlackElo "2285"]
[PlyCount "118"]
[EventDate "2014.01.22"]
[EventType "swiss"]
[EventRounds "9"]
[EventCountry "USA"]
[Source "Mark Crowther"]
[SourceDate "2014.01.27"]

1. d4 d5 2. Nf3 Nf6 3. c4 e6 4. Nc3 Bb4 5. e3 O-O 6. Bd3 c5 7. O-O a6 8. a3
Bxc3 9. bxc3 Qc7 10. Qe2 Nbd7 11. a4 b6 12. Bb2 Re8 13. cxd5 exd5 14. Nd2 Nf8
15. f3 Ng6 16. Qf2 Bb7 17. Rae1 Bc6 18. e4 dxe4 19. Nxe4 Bxa4 20. Nxf6+ gxf6
21. c4 Kg7 22. d5 Qd6 23. Ra1 Bd7 24. f4 a5 25. Qg3 a4 26. f5 Qxg3 27. Bxf6+
Kxf6 28. fxg6+ Kg5 29. hxg3 fxg6 30. Rf7 Bg4 31. Rb7 Re3 32. Bc2 Rc3 33. Ra2
Re8 34. Bxa4 Rf8 35. Bc2 Re8 36. d6 Re2 37. d7 Bxd7 38. Rxd7 Rcxc2 39. Rxc2
Rxc2 40. Rd6 Rxc4 41. Rxb6 Rc2 42. Rb7 h5 43. Rb6 Re2 44. Rc6 Re5 45. Kh2 Kf5
46. Kh3 g5 47. Ra6 Ke4 48. g4 h4 49. g3 hxg3 50. Kxg3 c4 51. Rc6 Kd4 52. Kf3 c3
53. Rc8 Rc5 54. Rd8+ Kc4 55. Ke2 Re5+ 56. Kd1 Rd5+ 57. Rxd5 Kxd5 58. Kc2 Kd4
59. Kc1 Ke4 0-1

[Event "Foxwoods op"]
[Site "Ledyard USA"]
[Date "2014.01.23"]
[Round "2.13"]
[White "Yanayt, Eugene"]
[Black "Panjwani, Raja"]
[Result "1-0"]
[WhiteElo "2222"]
[BlackElo "2468"]
[PlyCount "119"]
[EventDate "2014.01.22"]
[EventType "swiss"]
[EventRounds "9"]
[EventCountry "USA"]
[Source "Mark Crowther"]
[SourceDate "2014.01.27"]

1. d4 Nf6 2. c4 e6 3. g3 c5 4. d5 exd5 5. cxd5 d6 6. Nc3 g6 7. Bg2 Bg7 8. Nf3
O-O 9. O-O Na6 10. Nd2 Ng4 11. h3 Ne5 12. f4 Nd7 13. Kh2 Nc7 14. a4 b6 15. e4
Ba6 16. Re1 Bd3 17. Nf3 c4 18. e5 Re8 19. exd6 Na6 20. Nb5 Qf6 21. Re7 Nac5 22.
Ne5 Nxe5 23. fxe5 Qf2 24. Bf4 g5 25. Bxg5 Bxe5 26. Qg4 Kh8 27. Qf3 Qxf3 28.
Bxf3 a6 29. Re1 Rf8 30. Nc7 Bxd6 31. Nxa8 Bxe7 32. Bxe7 Rxa8 33. d6 Rb8 34.
Bf6+ Kg8 35. Bg4 Ne4 36. Rxe4 Bxe4 37. d7 b5 38. axb5 axb5 39. d8=Q+ Rxd8 40.
Bxd8 b4 41. Bf6 Bd3 42. Kg2 c3 43. bxc3 b3 44. c4 Bxc4 45. Kf2 Bd3 46. Bd1 Bf5
47. h4 Be6 48. Ke3 h6 49. Be2 Bd5 50. Kd2 Be6 51. Kc3 Bd5 52. Kb4 Be6 53. Bd1
Bd5 54. Bxb3 Be4 55. Kc5 Bf3 56. Kd6 Bh5 57. Ke7 Bg6 58. g4 h5 59. g5 Kh7 60.
Kf8 1-0

[Event "Foxwoods op"]
[Site "Ledyard USA"]
[Date "2014.01.23"]
[Round "3.17"]
[White "Panjwani, Raja"]
[Black "Katz, Alexander"]
[Result "1-0"]
[WhiteElo "2468"]
[BlackElo "2256"]
[PlyCount "171"]
[EventDate "2014.01.22"]
[EventType "swiss"]
[EventRounds "9"]
[EventCountry "USA"]
[Source "Mark Crowther"]
[SourceDate "2014.01.27"]

1. Nf3 Nf6 2. c4 e6 3. g3 Be7 4. Bg2 O-O 5. O-O d5 6. b3 c5 7. e3 d4 8. exd4
cxd4 9. Re1 Nc6 10. Ne5 Nxe5 11. Rxe5 Qc7 12. Re1 Bd7 13. d3 Bc6 14. Ba3 Bxg2
15. Kxg2 Rfe8 16. Bxe7 Rxe7 17. Nd2 e5 18. Qf3 Nd7 19. b4 Nf6 20. c5 Rd8 21. a3
Nd5 22. Ne4 a5 23. b5 Nc3 24. b6 Qc6 25. Nxc3 Qxf3+ 26. Kxf3 dxc3 27. Rac1
Rxd3+ 28. Re3 e4+ 29. Ke2 Rd2+ 30. Ke1 Rb2 31. Rcxc3 a4 32. Re2 Rb1+ 33. Kd2
Rb5 34. Kc1 Re5 35. c6 bxc6 36. Rxc6 Kf8 37. Rc8+ Ke7 38. Rc7+ Kd6 39. Rd2+
Red5 40. Rxd5+ Kxd5 41. b7 Ke6 42. Kd2 Rb3 43. Ke2 g6 44. Rc4 Rxb7 45. Rxe4+
Kf6 46. Rxa4 Rb2+ 47. Kf3 Ra2 48. g4 h6 49. Kg3 Ra1 50. Rf4+ Kg7 51. Rf3 Rg1+
52. Kf4 Kf6 53. h3 Re1 54. Re3 Rf1 55. Ke4 Kg5 56. Rf3 f6 57. Kd3 Rc1 58. Kd2
Rc4 59. Kd3 Rc1 60. Kd2 Rc4 61. Rc3 Rf4 62. Ke3 Ra4 63. Ke2 Rd4 64. Kf3 Kh4 65.
Kg2 Rd1 66. a4 Ra1 67. Rc4 Ra3 68. Rb4 Rc3 69. Rf4 Kg5 70. Rf3 Rc1 71. Ra3 Kh4
72. a5 Rc7 73. a6 Ra7 74. Ra5 g5 75. Ra4 h5 76. f3 hxg4 77. fxg4 f5 78. gxf5+
Kh5 79. Kg3 Ra8 80. a7 Kh6 81. Ra6+ Kh5 82. f6 Kg6 83. Kg4 Kh6 84. Kf5 g4 85.
hxg4 Rxa7 86. g5+ 1-0

[Event "Bay Area int."]
[Site "Santa Clara USA"]
[Date "2014.01.02"]
[Round "1.18"]
[White "Panjwani, Raja"]
[Black "Haessel, Dale"]
[Result "1-0"]
[WhiteElo "2468"]
[BlackElo "2211"]
[PlyCount "53"]
[EventDate "2014.01.02"]
[EventType "swiss"]
[EventRounds "9"]
[EventCountry "USA"]
[Source "Mark Crowther"]
[SourceDate "2014.01.06"]

1. c4 Nf6 2. Nc3 d5 3. cxd5 Nxd5 4. Nf3 g6 5. d3 Bg7 6. Bd2 O-O 7. g3 c5 8. Bg2
Nc6 9. Qc1 b6 10. Bh6 Bb7 11. h4 Nd4 12. Bxg7 Kxg7 13. h5 Nxc3 14. hxg6 hxg6
15. Nxd4 Bxg2 16. Qh6+ Kf6 17. Qh4+ Ke5 18. Qf4+ Kd5 19. e4+ Nxe4 20. dxe4+
Bxe4 21. Rh4 cxd4 22. Qxe4+ Kc5 23. Rc1+ Kb5 24. Qd3+ Ka5 25. Rxd4 Qxd4 26.
Qxd4 Rad8 27. Qc4 1-0